000 00462nam a2200157Ia 4500
008 090711s9999 xx 000 0 und d
082 _b70528
100 _aSाांदोरकर नीला
245 _aजीवनदाता
260 _c1992
600 _aSाांदोरकर नीला
630 _aजीवनदाता
700 _aSाांदोरकर नीला
730 _aजीवनदाता
942 _cBOOK
999 _c326597
_d326597